000 00503nam a2200181Ia 4500
001 10862
005 20260306161903.0
008 260306t2017||||xx |||||||||||||| ||spa||
041 _aESP
082 _a980
_bC12
100 _aCabanillas Cárdenas, Carlos F.,
_eAUT
245 0 _aSujetos coloniales :
_bescritura, identidad y negociación en hispanoamérica (siglos XVI-XVIII)
260 _c2017
300 _a283 páginas :
_c23 cm.
650 _aGEN
654 _aCHU
942 _cLIB
_dJUS
_fJUS
_2ddc
_n
999 _c10862
_d10862